Sports Quiz

Random Sports Quiz

New Orleans Hornets/Pelicans Stat Leaders (2001-2019) Quiz Stats

 Plays Quiz not verified by Sporcle

Score 0/90 Timer 10:00
0 Plays Today
Year,stat Player % Correct
STL (2018-2019)Anthony Davis,Jrue Holiday
100%
PTS (2003-2004)Baron Davis
97.6%
PTS (2013-2014)Anthony Davis
97.6%
PTS (2014-2015)Anthony Davis
97.6%
PTS (2015-2016)Anthony Davis
97.6%
PTS (2016-2017)Anthony Davis
97.6%
PTS (2017-2018)Anthony Davis
97.6%
PTS (2018-2019)Anthony Davis
97.6%
REB (2012-2013)Anthony Davis
97.6%
REB (2013-2014)Anthony Davis
97.6%
REB (2014-2015)Anthony Davis
97.6%
REB (2015-2016)Anthony Davis
97.6%
REB (2016-2017)Anthony Davis
97.6%
REB (2018-2019)Anthony Davis
97.6%
AST (2001-2002)Baron Davis
97.6%
AST (2002-2003)Baron Davis
97.6%
AST (2003-2004)Baron Davis
97.6%
STL (2001-2002)Baron Davis
97.6%
STL (2003-2004)Baron Davis
97.6%
STL (2002-2003)Baron Davis
97.6%
STL (2012-2013)Anthony Davis,Al-Farouq Aminu
97.6%
BLK (2012-2013)Anthony Davis
97.6%
BLK (2013-2014)Anthony Davis
97.6%
BLK (2014-2015)Anthony Davis
97.6%
BLK (2015-2016)Anthony Davis
97.6%
BLK (2016-2017)Anthony Davis
97.6%
BLK (2017-2018)Anthony Davis
97.6%
BLK (2018-2019)Anthony Davis
97.6%
AST (2013-2014)Jrue Holiday
92.7%
AST (2014-2015)Jrue Holiday
92.7%
Year,stat Player % Correct
AST (2015-2016)Jrue Holiday
92.7%
AST (2016-2017)Jrue Holiday
92.7%
AST (2018-2019)Jrue Holiday
92.7%
STL (2013-2014)Jrue Holiday
92.7%
STL (2014-2015)Jrue Holiday
92.7%
STL (2015-2016)Jrue Holiday
92.7%
STL (2016-2017)Jrue Holiday
92.7%
PTS (2007-2008)Chris Paul
87.8%
PTS (2008-2009)Chris Paul
87.8%
AST (2006-2007)Chris Paul
87.8%
AST (2005-2006)Chris Paul
87.8%
AST (2007-2008)Chris Paul
87.8%
AST (2008-2009)Chris Paul
87.8%
AST (2009-2010)Chris Paul
87.8%
AST (2010-2011)Chris Paul
87.8%
STL (2007-2008)Chris Paul
87.8%
STL (2006-2007)Chris Paul
87.8%
STL (2005-2006)Chris Paul
87.8%
STL (2008-2009)Chris Paul
87.8%
STL (2009-2010)Chris Paul
87.8%
STL (2010-2011)Chris Paul
87.8%
PTS (2005-2006)David West
85.4%
PTS (2006-2007)David West
85.4%
PTS (2009-2010)David West
85.4%
PTS (2010-2011)David West
85.4%
REB (2005-2006)David West
85.4%
BLK (2007-2008)David West
85.4%
REB (2017-2018)DeMarcus Cousins
73.2%
STL (2017-2018)DeMarcus Cousins
73.2%
REB (2006-2007)Tyson Chandler
65.9%
Year,stat Player % Correct
REB (2007-2008)Tyson Chandler
65.9%
REB (2008-2009)Tyson Chandler
65.9%
BLK (2006-2007)Tyson Chandler
65.9%
BLK (2008-2009)Tyson Chandler
65.9%
REB (2009-2010)Emeka Okafor
58.5%
REB (2010-2011)Emeka Okafor
58.5%
BLK (2010-2011)Emeka Okafor
58.5%
BLK (2009-2010)Emeka Okafor
58.5%
PTS (2001-2002)Jamal Mashburn
56.1%
PTS (2002-2003)Jamal Mashburn
56.1%
PTS (2012-2013)Eric Gordon
51.2%
AST (2017-2018)Rajon Rondo
51.2%
REB (2001-2002)PJ Brown
43.9%
REB (2002-2003)PJ Brown
43.9%
REB (2004-2005)PJ Brown
43.9%
REB (2003-2004)Jamaal Magloire
41.5%
BLK (2002-2003)Jamaal Magloire
41.5%
BLK (2003-2004)Jamaal Magloire
41.5%
PTS (2011-2012)Jarrett Jack
39%
AST (2011-2012)Jarrett Jack
39%
AST (2012-2013)Greivis Vasquez
31.7%
BLK (2004-2005)Chris Andersen
26.8%
BLK (2005-2006)Chris Andersen
26.8%
PTS (2004-2005)Lee Nailon
24.4%
BLK (2001-2002)Elden Campbell
24.4%
STL (2011-2012)Trevor Ariza
19.5%
REB (2011-2012)Chris Kaman
17.1%
BLK (2011-2012)Chris Kaman
17.1%
AST (2004-2005)Dan Dickau
12.2%
STL (2004-2005)Dan Dickau
12.2%

You're not logged in!

Compare scores with friends on all Sporcle quizzes.
OR
Log In

Sporcle TV

Today on Sporcle TV


Watch our educational content, quiz creation guides, and fun videos on Sporcle TV.

Show Comments

Extras

Created Aug 20, 2019ReportNominate
Tags:leader, New Orleans, orlean, player, stat

Top Quizzes Today


Score Distribution

Your Account Isn't Verified!

In order to create a playlist on Sporcle, you need to verify the email address you used during registration. Go to your Sporcle Settings to finish the process.

Report this User

Report this user for behavior that violates our Community Guidelines.

Details: